000 00362nam a2200145Ia 4500
008 230312s9999||||xx |||||||||||||| ||und||
020 _a0-7645-5160-4
082 _a658.870
_bTHO-F
100 _aWhite;Curt
245 0 _aData Communications & Computer Networks
260 _bWiley
_aCanada
_c2000
300 _a378
650 _aComputer
_vComputer
942 _cBK
999 _c15465
_d15465